[Event "2. BUNDESLIGA MITTE 2017/2018"]
[Site "St. Valentin, Pinggau/Villach/Taufkirchen, Fuerstenfeld, St. Veit"]
[Date "2018.04.06"]
[Round "10"]
[Board "2"]
[White "Freitag, Manfred"]
[Black "Huber, Martin Christian"]
[Result "0-1"]
[WhiteElo "2374"]
[BlackElo "2365"]
[PlyCount "70"]
[EventDate "2017.10.27"]
[EventType "team"]
[EventRounds "11"]
[EventCountry "AUT"]
[WhiteTeam "SPG Fuerstenfeld/Hartberg"]
[BlackTeam "Schachfreunde Graz"]

1. d4 Nf6 2. c4 g6 3. Nc3 Bg7 4. e4 d6 5. Be2 O-O 6. Nf3 Na6 7. O-O e5 8. Re1
c6 9. Bf1 exd4 10. Nxd4 Ng4 11. h3 Qb6 12. hxg4 Qxd4 13. g5 Nc5 14. Bf4 Qxd1
15. Raxd1 Be5 16. Bd2 a5 17. b3 Re8 18. f3 Bg3 19. Re2 a4 20. b4 Nd3 21. Be3
Nxb4 22. Rb2 Be5 23. Bd4 a3 24. Rb3 Nc2 25. Bf2 b5 26. Rc1 Nd4 27. Rbb1 bxc4
28. Bxc4 Be6 29. Bxe6 Nxe6 30. Rb6 Nf4 31. Rxc6 Bxc3 32. R1xc3 Ne2+ 33. Kf1
Nxc3 34. Rxc3 Rac8 35. Rd3 Rc2  0-1

[Event "2. BUNDESLIGA MITTE 2017/2018"]
[Site "St. Valentin, Pinggau/Villach/Taufkirchen, Fuerstenfeld, St. Veit"]
[Date "2018.04.06"]
[Round "10"]
[Board "3"]
[White "Jusic, Zdenko"]
[Black "Poetz, Florian"]
[Result "1-0"]
[WhiteElo "2249"]
[BlackElo "2385"]
[PlyCount "59"]
[EventDate "2017.10.27"]
[EventType "team"]
[EventRounds "11"]
[EventCountry "AUT"]
[WhiteTeam "Schachfreunde Graz"]
[BlackTeam "SPG Fuerstenfeld/Hartberg"]

1. e4 c5 2. Nf3 e6 3. c3 Nf6 4. e5 Nd5 5. Bc4 d6 6. d4 cxd4 7. cxd4 Be7 8. O-O
O-O 9. Qe2 b6 10. Qe4 Ba6 11. b3 dxe5 12. dxe5 Bxc4 13. bxc4 Nc7 14. Nc3 Nba6
15. Rd1 Qc8 16. Ng5 g6 17. Qh4 h5 18. g4 f5 19. gxh5 Qe8 20. Ne2 gxh5 21. Nf4
Nc5 22. f3 Rd8 23. Be3 Rd7 24. Kh1 Bxg5 25. Rg1 Rg7 26. Rxg5 Rff7 27. Nxh5 Rxg5
28. Qxg5+ Kf8 29. Qh6+ Ke7 30. Rd1  1-0

[Event "2. BUNDESLIGA MITTE 2017/2018"]
[Site "St. Valentin, Pinggau/Villach/Taufkirchen, Fuerstenfeld, St. Veit"]
[Date "2018.04.06"]
[Round "10"]
[Board "4"]
[White "Kuba, Guenter"]
[Black "Kravanja, Georg"]
[Result "1/2-1/2"]
[WhiteElo "2336"]
[BlackElo "2267"]
[PlyCount "61"]
[EventDate "2017.10.27"]
[EventType "team"]
[EventRounds "11"]
[EventCountry "AUT"]
[WhiteTeam "SPG Fuerstenfeld/Hartberg"]
[BlackTeam "Schachfreunde Graz"]

1. e4 c6 2. d4 d5 3. Nd2 dxe4 4. Nxe4 Bf5 5. Ng3 Bg6 6. h4 h6 7. Nf3 Nd7 8. h5
Bh7 9. Bd3 Bxd3 10. Qxd3 e6 11. Bd2 Ngf6 12. O-O-O Be7 13. Qe2 O-O 14. Rhe1 Re8
15. Ne5 Qb6 16. f4 c5 17. Nxd7 Nxd7 18. Bc3 Qc6 19. Kb1 Nf6 20. dxc5 Nd5 21.
Bd4 Bxc5 22. Bxc5 Qxc5 23. Ne4 Qc7 24. g3 Red8 25. Rd3 Nb4 26. Rxd8+ Rxd8 27.
a3 Nd5 28. Rd1 Ne7 29. Rd3 Rxd3 30. Qxd3 Nd5 31. Qd4  1/2-1/2

[Event "2. BUNDESLIGA MITTE 2017/2018"]
[Site "St. Valentin, Pinggau/Villach/Taufkirchen, Fuerstenfeld, St. Veit"]
[Date "2018.04.06"]
[Round "10"]
[Board "5"]
[White "Teuschler, Barbara"]
[Black "Spindelboeck, Gernot"]
[Result "1-0"]
[WhiteElo "2202"]
[BlackElo "2218"]
[PlyCount "77"]
[EventDate "2017.10.27"]
[EventType "team"]
[EventRounds "11"]
[EventCountry "AUT"]
[WhiteTeam "Schachfreunde Graz"]
[BlackTeam "SPG Fuerstenfeld/Hartberg"]

1. e4 e6 2. d4 d5 3. Nc3 Nf6 4. e5 Nfd7 5. f4 c5 6. Nf3 Nc6 7. Be3 cxd4 8. Nxd4
Bc5 9. Qd2 O-O 10. O-O-O a6 11. Qf2 Bxd4 12. Bxd4 b5 13. Be3 Qa5 14. Kb1 b4 15.
Ne2 Qc7 16. Nd4 Bb7 17. Bd3 Rfc8 18. Qh4 g6 19. Nf3 Na5 20. Ng5 Nf8 21. Qh6 Nc4
22. Bd4 Re8 23. h4 a5 24. h5 Re7 25. Rh3 a4 26. f5 exf5 27. e6 fxe6 28. hxg6 e5
29. gxh7+ Kh8 30. Qf6+ Rg7 31. Bc5 Ng6 32. Bxc4 dxc4 33. Bxb4 Nf4 34. Rhh1 Nd5
35. Rxd5 Bxd5 36. Bd6 Qd8 37. Bxe5 Qxf6 38. Bxf6 Bxg2 39. Nf7#  1-0

[Event "2. BUNDESLIGA MITTE 2017/2018"]
[Site "St. Valentin, Pinggau/Villach/Taufkirchen, Fuerstenfeld, St. Veit"]
[Date "2018.04.06"]
[Round "10"]
[Board "6"]
[White "Stradner, Stefan"]
[Black "Kastner, Walter"]
[Result "0-1"]
[WhiteElo "2179"]
[BlackElo "2191"]
[PlyCount "66"]
[EventDate "2017.10.27"]
[EventType "team"]
[EventRounds "11"]
[EventCountry "AUT"]
[WhiteTeam "SPG Fuerstenfeld/Hartberg"]
[BlackTeam "Schachfreunde Graz"]

1. Nf3 d5 2. c4 e6 3. b3 Nf6 4. g3 Be7 5. Bg2 O-O 6. O-O c5 7. Bb2 Nc6 8. cxd5
exd5 9. d4 cxd4 10. Nxd4 Qb6 11. Nxc6 bxc6 12. Nc3 Bg4 13. Qc2 Rac8 14. e3 Rfd8
15. h3 Be6 16. g4 c5 17. Na4 Qb4 18. Bc3 Qb5 19. Qb2 d4 20. exd4 c4 21. Nc5 Bd5
22. Bxd5 Nxd5 23. bxc4 Qxc4 24. Rac1 Nf4 25. Qb7 Ne2+ 26. Kg2 Bxc5 27. dxc5
Nxc3 28. Rfd1 Qe4+ 29. Qxe4 Nxe4 30. Re1 Nxc5 31. Re5 Ne6 32. Rxc8 Rxc8 33. f4
Nxf4+  0-1

[Event "2. BUNDESLIGA MITTE 2017/2018"]
[Site "St. Valentin, Pinggau/Villach/Taufkirchen, Fuerstenfeld, St. Veit"]
[Date "2018.04.07"]
[Round "11"]
[Board "1"]
[White "Riemelmoser, Franz"]
[Black "Schnider, Gert"]
[Result "0-1"]
[WhiteElo "2346"]
[BlackElo "2412"]
[PlyCount "54"]
[EventDate "2017.10.27"]
[EventType "team"]
[EventRounds "11"]
[EventCountry "AUT"]
[WhiteTeam "ESV ASKOE Admira Villach"]
[BlackTeam "Schachfreunde Graz"]

1. g3 e5 2. d4 exd4 3. Nf3 Nc6 4. Nxd4 Bc5 5. Nb3 Bb6 6. Bg2 d6 7. Nc3 Nge7 8.
Na4 Be6 9. Nxb6 axb6 10. Nd4 Bd7 11. b3 O-O 12. Bb2 Qc8 13. Nxc6 Bxc6 14. e4 f5
15. Qd4 Rf7 16. O-O f4 17. Bc3 Ng6 18. a4 Qd7 19. f3 Raf8 20. Rf2 Qe7 21. a5
bxa5 22. Rxa5 Ne5 23. g4 h5 24. h3 Qh4 25. Kf1 b6 26. Ra7 Bb5+ 27. Ke1 Nc6  0-1

[Event "2. BUNDESLIGA MITTE 2017/2018"]
[Site "St. Valentin, Pinggau/Villach/Taufkirchen, Fuerstenfeld, St. Veit"]
[Date "2018.04.07"]
[Round "11"]
[Board "2"]
[White "Huber, Martin Christian"]
[Black "Dappiano, Andrea"]
[Result "1-0"]
[WhiteElo "2365"]
[BlackElo "2310"]
[PlyCount "83"]
[EventDate "2017.10.27"]
[EventType "team"]
[EventRounds "11"]
[EventCountry "AUT"]
[WhiteTeam "Schachfreunde Graz"]
[BlackTeam "ESV ASKOE Admira Villach"]

1. d4 e6 2. c4 Bb4+ 3. Nd2 Nf6 4. Ngf3 d5 5. Qa4+ Nc6 6. a3 Bxd2+ 7. Bxd2 Ne4
8. e3 O-O 9. Bd3 Nxd2 10. Nxd2 dxc4 11. Be4 e5 12. Bxc6 bxc6 13. dxe5 Be6 14.
Rd1 Qg5 15. Qxc6 Rad8 16. O-O Bd5 17. Nf3 Qxg2+ 18. Kxg2 Bxc6 19. Kg3 Rb8 20.
Rd2 Be4 21. Rc1 f6 22. Rxc4 Bxf3 23. Kxf3 fxe5+ 24. Ke4 Rf7 25. Rc5 Rbf8 26. b4
Rxf2 27. Rxf2 Rxf2 28. Rxc7 Rxh2 29. Rxa7 h5 30. Kxe5 Rf2 31. b5 Rb2 32. a4 h4
33. Rc7 Rb4 34. Rc1 Rxa4 35. Rb1 h3 36. b6 Ra8 37. b7 Rb8 38. Kd6 Kf7 39. Kc7
Re8 40. b8=Q Rxb8 41. Rxb8 g5 42. Rh8  1-0

[Event "2. BUNDESLIGA MITTE 2017/2018"]
[Site "St. Valentin, Pinggau/Villach/Taufkirchen, Fuerstenfeld, St. Veit"]
[Date "2018.04.07"]
[Round "11"]
[Board "3"]
[White "Perhinig, Robert"]
[Black "Jusic, Zdenko"]
[Result "0-1"]
[WhiteElo "2264"]
[BlackElo "2249"]
[PlyCount "89"]
[EventDate "2017.10.27"]
[EventType "team"]
[EventRounds "11"]
[EventCountry "AUT"]
[WhiteTeam "ESV ASKOE Admira Villach"]
[BlackTeam "Schachfreunde Graz"]

1. d4 d6 2. e4 Nf6 3. Nc3 e5 4. dxe5 dxe5 5. Qxd8+ Kxd8 6. Bg5 c6 7. f4 h6 8.
O-O-O+ Nbd7 9. Bxf6+ gxf6 10. Nf3 exf4 11. Ne2 Bc5 12. Nfd4 Re8 13. Nc3 Kc7 14.
Be2 Nf8 15. Rhf1 b5 16. Bh5 Ba6 17. Nce2 b4 18. Rfe1 Rxe4 19. Bxf7 Bxe2 20.
Nxe2 Bf2 21. Bh5 Bxe1 22. Rxe1 Re5 23. Bf3 Rae8 24. Kd2 Rd8+ 25. Kc1 Ne6 26.
Rf1 a5 27. Bg4 f5 28. Bh5 a4 29. c3 b3 30. axb3 axb3 31. Rd1 Ra8 32. Bf3 Ra1+
33. Kd2 Ra2 34. Rb1 Ra4 35. Rf1 Re3 36. Nxf4 Re5 37. Nd3 Rea5 38. Re1 Nc5 39.
Nb4 Ra2 40. Rb1 Ra1 41. Kc1 R5a4 42. Bxc6 Ra5 43. Bf3 Kd6 44. Be2 Ra7 45. Bf3
 0-1

[Event "2. BUNDESLIGA MITTE 2017/2018"]
[Site "St. Valentin, Pinggau/Villach/Taufkirchen, Fuerstenfeld, St. Veit"]
[Date "2018.04.07"]
[Round "11"]
[Board "4"]
[White "Kravanja, Georg"]
[Black "Heindl, Matthias"]
[Result "1-0"]
[WhiteElo "2267"]
[BlackElo "2180"]
[PlyCount "95"]
[EventDate "2017.10.27"]
[EventType "team"]
[EventRounds "11"]
[EventCountry "AUT"]
[WhiteTeam "Schachfreunde Graz"]
[BlackTeam "ESV ASKOE Admira Villach"]

1. d4 Nf6 2. c4 g6 3. Nc3 d5 4. Nf3 Bg7 5. Qb3 dxc4 6. Qxc4 O-O 7. e4 c6 8. e5
Nd5 9. Nxd5 cxd5 10. Qb3 Nc6 11. Be2 Qb6 12. Qxb6 axb6 13. O-O Bg4 14. Be3 Rfc8
15. h3 Bd7 16. Rfc1 Na5 17. Nd2 e6 18. Kf1 Kf8 19. Ke1 Ke8 20. Kd1 Bf8 21.
Rxc8+ Rxc8 22. Rc1 Bc6 23. g4 Be7 24. f4 Kd7 25. Bd3 Rg8 26. Ke2 b5 27. b3 b4
28. Nf3 Kc7 29. Kf2 Kb6 30. f5 Bd7 31. f6 Bd8 32. Ng5 Be8 33. Nxh7 Bb5 34. Bb1
Nc6 35. Ng5 Rf8 36. h4 Ka7 37. h5 gxh5 38. gxh5 Bb6 39. Nf3 Nb8 40. h6 Nd7 41.
h7 Rh8 42. Ng5 Nxe5 43. dxe5 d4 44. Bd2 d3+ 45. Kg3 Bd4 46. Kf4 Bb2 47. Rh1 Bc3
48. Be3+  1-0

[Event "2. BUNDESLIGA MITTE 2017/2018"]
[Site "St. Valentin, Pinggau/Villach/Taufkirchen, Fuerstenfeld, St. Veit"]
[Date "2018.04.07"]
[Round "11"]
[Board "5"]
[White "Frank, Paul"]
[Black "Teuschler, Barbara"]
[Result "0-1"]
[WhiteElo "2217"]
[BlackElo "2202"]
[PlyCount "93"]
[EventDate "2017.10.27"]
[EventType "team"]
[EventRounds "11"]
[EventCountry "AUT"]
[WhiteTeam "ESV ASKOE Admira Villach"]
[BlackTeam "Schachfreunde Graz"]

1. Nf3 Nf6 2. g3 b6 3. Bg2 Bb7 4. O-O g6 5. c4 Bg7 6. Nc3 Ne4 7. Na4 Qc8 8. d3
Nc5 9. Nc3 O-O 10. e4 d6 11. Re1 e5 12. Be3 Nc6 13. Nd5 Qd8 14. Rc1 a5 15. Qd2
Nb4 16. Nxb4 axb4 17. b3 Ra7 18. Rc2 Qa8 19. Nh4 f5 20. exf5 Bxg2 21. Nxg2 gxf5
22. Rd1 Ne6 23. f4 c5 24. Rf1 e4 25. dxe4 Qxe4 26. Qd1 Rfa8 27. Rff2 Nd4 28.
Rcd2 Ra3 29. h3 Nxb3 30. Rxd6 Nd4 31. Rd7 Rxe3 32. Nxe3 Qxe3 33. Qh5 Qe8 34.
Qxe8+ Rxe8 35. Kg2 Ne2 36. Ra7 Bd4 37. Rf3 Nc3 38. Kf1 Re2 39. Rb7 Rxa2 40.
Rxb6 Ra1+ 41. Kg2 Rb1 42. g4 b3 43. Rf1 Rb2+ 44. Kh1 Ne4 45. Rf3 Nf2+ 46. Kg2
Nxg4+ 47. Kh1  0-1

[Event "2. BUNDESLIGA MITTE 2017/2018"]
[Site "St. Valentin, Pinggau/Villach/Taufkirchen, Fuerstenfeld, St. Veit"]
[Date "2018.04.07"]
[Round "11"]
[Board "6"]
[White "Kastner, Walter"]
[Black "Holzmann, Joerg"]
[Result "1/2-1/2"]
[WhiteElo "2191"]
[BlackElo "2189"]
[PlyCount "118"]
[EventDate "2017.10.27"]
[EventType "team"]
[EventRounds "11"]
[EventCountry "AUT"]
[WhiteTeam "Schachfreunde Graz"]
[BlackTeam "ESV ASKOE Admira Villach"]

1. d4 f5 2. Bf4 Nf6 3. e3 g6 4. h4 Bg7 5. h5 d6 6. h6 Bf8 7. Nf3 e6 8. Nc3 Be7
9. Bc4 d5 10. Be2 O-O 11. Nb5 Na6 12. Ne5 c6 13. Nc3 Nc7 14. a3 Nce8 15. Qd2
Nd6 16. O-O-O Bd7 17. f3 b5 18. Qe1 Be8 19. Bg5 a5 20. Qh4 Nf7 21. Nxf7 Rxf7
22. e4 b4 23. axb4 axb4 24. Nb1 fxe4 25. Rhf1 exf3 26. Bxf3 Nd7 27. Bxe7 Qxe7
28. Qxe7 Rxe7 29. Bg4 Nf8 30. Rd3 Rf7 31. Rxf7 Kxf7 32. Rf3+ Ke7 33. Rb3 Rb8
34. Nc3 Bd7 35. Na2 e5 36. Bxd7 Nxd7 37. Nxb4 Kd6 38. Na6 Rxb3 39. dxe5+ Nxe5
40. cxb3 Ng4 41. b4 Nxh6 42. Nc5 Nf7 43. Kd2 h5 44. Ke3 g5 45. Kd4 Nh6 46. Nb7+
Kc7 47. Nc5 Nf7 48. b5 h4 49. bxc6 Kxc6 50. Nd3 Kd6 51. Nb4 g4 52. Nxd5 h3 53.
gxh3 gxh3 54. Ne3 h2 55. Nf5+ Kc6 56. Ng3 Nd6 57. Nh1 Kb5 58. Ke5 Nc4+ 59. Kf4
Nxb2  1/2-1/2

[Event "2. BUNDESLIGA MITTE 2017/2018"]
[Site "St. Valentin, Pinggau/Villach/Taufkirchen, Fuerstenfeld, St. Veit"]
[Date "2018.04.07"]
[Round "11"]
[Board "1"]
[White "Korpa, Bence"]
[Black "Enoeckl, Philipp"]
[Result "1/2-1/2"]
[WhiteElo "2499"]
[BlackElo "2298"]
[PlyCount "63"]
[EventDate "2017.10.27"]
[EventType "team"]
[EventRounds "11"]
[EventCountry "AUT"]
[WhiteTeam "SPG Fuerstenfeld/Hartberg"]
[BlackTeam "SV Steyregg"]

1. d4 Nf6 2. c4 g6 3. Nc3 Bg7 4. e4 d6 5. f3 O-O 6. Be3 Nc6 7. Nge2 a6 8. Qd2
Rb8 9. Rc1 Nd7 10. d5 Nce5 11. Ng3 c5 12. a4 Nb6 13. b3 e6 14. Be2 exd5 15.
cxd5 Na8 16. O-O b5 17. axb5 Nc7 18. bxa6 Bxa6 19. Rb1 Nb5 20. Nxb5 Bxb5 21.
Bh6 Bxh6 22. Qxh6 Bxe2 23. Nxe2 Rb4 24. Qe3 Qb6 25. Nc1 Ra8 26. Rf2 Ra3 27. Ra2
Rxa2 28. Nxa2 Rd4 29. Qf2 Nd3 30. Qe3 Ne5 31. Qf2 Nd3 32. Qe3  1/2-1/2

[Event "2. BUNDESLIGA MITTE 2017/2018"]
[Site "St. Valentin, Pinggau/Villach/Taufkirchen, Fuerstenfeld, St. Veit"]
[Date "2018.04.07"]
[Round "11"]
[Board "2"]
[White "Pierecker, Markus"]
[Black "Freitag, Manfred"]
[Result "0-1"]
[WhiteElo "2204"]
[BlackElo "2374"]
[PlyCount "36"]
[EventDate "2017.10.27"]
[EventType "team"]
[EventRounds "11"]
[EventCountry "AUT"]
[WhiteTeam "SV Steyregg"]
[BlackTeam "SPG Fuerstenfeld/Hartberg"]

1. e4 e5 2. Nf3 Nc6 3. d4 exd4 4. Nxd4 Bc5 5. Nb3 Bb6 6. Nc3 Nf6 7. Qe2 O-O 8.
Bg5 h6 9. h4 Re8 10. O-O-O d6 11. Bf4 a5 12. a4 Be6 13. f3 Nh5 14. Bh2 Qxh4 15.
Nb5 Ng3 16. Qe1 Bxb3 17. cxb3 Qg5+ 18. f4 Qc5+  0-1

[Event "2. BUNDESLIGA MITTE 2017/2018"]
[Site "St. Valentin, Pinggau/Villach/Taufkirchen, Fuerstenfeld, St. Veit"]
[Date "2018.04.07"]
[Round "11"]
[Board "3"]
[White "Poetz, Florian"]
[Black "Wiesinger, Robert"]
[Result "1/2-1/2"]
[WhiteElo "2385"]
[BlackElo "2201"]
[PlyCount "136"]
[EventDate "2017.10.27"]
[EventType "team"]
[EventRounds "11"]
[EventCountry "AUT"]
[WhiteTeam "SPG Fuerstenfeld/Hartberg"]
[BlackTeam "SV Steyregg"]

1. e4 e5 2. Nf3 Nc6 3. Bc4 Bc5 4. c3 Nf6 5. d4 exd4 6. e5 d5 7. Bb5 Ne4 8. cxd4
Bb6 9. Nc3 O-O 10. Be3 Bg4 11. h3 Bh5 12. Qc2 Nxc3 13. bxc3 f6 14. Bxc6 bxc6
15. exf6 gxf6 16. Nh4 Qe8 17. O-O Bg6 18. Qd2 Qe4 19. Nxg6 hxg6 20. f3 Qf5 21.
g4 Qd7 22. Qd3 Kf7 23. a4 a5 24. Kg2 Rae8 25. Bf2 Rh8 26. Rh1 Qe7 27. Ra2 Qd6
28. Bg3 Qd7 29. Rd1 Qe6 30. Re1 Qd7 31. Rxe8 Rxe8 32. h4 f5 33. gxf5 Qxf5 34.
Qxf5+ gxf5 35. Be5 c5 36. Re2 cxd4 37. cxd4 Kg6 38. Kh3 Kh5 39. Rg2 Kh6 40. Rc2
Rg8 41. Bf4+ Kh5 42. Be3 Rg6 43. Bf2 c6 44. Re2 f4 45. Re5+ Kh6 46. h5 Rg5 47.
Re6+ Kxh5 48. Rxc6 Bxd4 49. Bxd4 Rg3+ 50. Kh2 Rxf3 51. Rc5 Rd3 52. Bf2 Rd2 53.
Kg2 Kg4 54. Rxa5 Ra2 55. Ra8 f3+ 56. Kf1 Ra1+ 57. Be1 Kf4 58. a5 d4 59. Rf8+
Ke3 60. Re8+ Kf4 61. Kf2 Ra2+ 62. Kf1 Ra1 63. Re6 d3 64. Rd6 Ke3 65. Re6+ Kf4
66. Rd6 Ke3 67. a6 Ra2 68. Re6+ Kf4 {Partie endete nach ungefÃƒÂ¤hr 119 ZÃƒÂ¼gen
Remis.}  1/2-1/2

[Event "2. BUNDESLIGA MITTE 2017/2018"]
[Site "St. Valentin, Pinggau/Villach/Taufkirchen, Fuerstenfeld, St. Veit"]
[Date "2018.04.07"]
[Round "11"]
[Board "4"]
[White "Meyer, Gordon"]
[Black "Kuba, Guenter"]
[Result "1-0"]
[WhiteElo "2182"]
[BlackElo "2336"]
[PlyCount "63"]
[EventDate "2017.10.27"]
[EventType "team"]
[EventRounds "11"]
[EventCountry "AUT"]
[WhiteTeam "SV Steyregg"]
[BlackTeam "SPG Fuerstenfeld/Hartberg"]

1. e4 e5 2. d4 exd4 3. c3 d3 4. Bxd3 Nc6 5. Qe2 g6 6. Nf3 Bg7 7. Bg5 f6 8. Bh4
d6 9. Nd4 Bd7 10. Nd2 Nh6 11. O-O Qe7 12. Bb5 Nxd4 13. cxd4 O-O 14. Rfe1 c6 15.
Bc4+ Kh8 16. Qe3 Nf7 17. a4 Rad8 18. Qa3 Rfe8 19. f4 Bc8 20. Qb3 Nh6 21. Nf3
Qf8 22. h3 Rd7 23. a5 Rc7 24. Rac1 Nf7 25. Kh1 Nd8 26. e5 Rce7 27. Qb4 dxe5 28.
fxe5 Be6 29. Rf1 Bxc4 30. Qxc4 Qf7 31. exf6 Bxf6 32. Ne5  1-0

[Event "2. BUNDESLIGA MITTE 2017/2018"]
[Site "St. Valentin, Pinggau/Villach/Taufkirchen, Fuerstenfeld, St. Veit"]
[Date "2018.04.07"]
[Round "11"]
[Board "5"]
[White "Spindelboeck, Gernot"]
[Black "Raber, Florian"]
[Result "1/2-1/2"]
[WhiteElo "2218"]
[BlackElo "2101"]
[PlyCount "80"]
[EventDate "2017.10.27"]
[EventType "team"]
[EventRounds "11"]
[EventCountry "AUT"]
[WhiteTeam "SPG Fuerstenfeld/Hartberg"]
[BlackTeam "SV Steyregg"]

1. d4 d5 2. c4 c6 3. e3 e6 4. Nf3 Bd6 5. Bd3 f5 6. O-O Nf6 7. b3 Qe7 8. Bb2 O-O
9. Qc1 Ne4 10. Ba3 Nd7 11. Bxd6 Qxd6 12. Nc3 b6 13. Ne2 Bb7 14. Qb2 c5 15. Rfd1
Qe7 16. Rac1 Kh8 17. cxd5 exd5 18. dxc5 bxc5 19. Nf4 Qf6 20. Qxf6 Rxf6 21. Bxe4
fxe4 22. Ng5 d4 23. Nge6 g5 24. Nxg5 d3 25. f3 exf3 26. Nxf3 Bxf3 27. gxf3 Ne5
28. Rxc5 Nxf3+ 29. Kf2 Nd4 30. Rxd3 Ne6 31. Rc4 Raf8 32. Kf3 Ng5+ 33. Ke2 Rh6
34. h3 Nxh3 35. Nxh3 Rxh3 36. Ra4 Rh2+ 37. Ke1 Rc8 38. Rc4 Rg8 39. Kf1 Rxa2 40.
Rcd4 Re8  1/2-1/2

[Event "2. BUNDESLIGA MITTE 2017/2018"]
[Site "St. Valentin, Pinggau/Villach/Taufkirchen, Fuerstenfeld, St. Veit"]
[Date "2018.04.07"]
[Round "11"]
[Board "6"]
[White "Stolz, Julius"]
[Black "Stradner, Stefan"]
[Result "1-0"]
[WhiteElo "1907"]
[BlackElo "2179"]
[PlyCount "87"]
[EventDate "2017.10.27"]
[EventType "team"]
[EventRounds "11"]
[EventCountry "AUT"]
[WhiteTeam "SV Steyregg"]
[BlackTeam "SPG Fuerstenfeld/Hartberg"]

1. e4 e6 2. d4 d5 3. Nd2 Nf6 4. e5 Nfd7 5. Bd3 c5 6. c3 Nc6 7. Ne2 cxd4 8. cxd4
f6 9. exf6 Qxf6 10. Nf3 h6 11. O-O Bd6 12. a3 O-O 13. Bc2 Rd8 14. Re1 Nf8 15.
Ng3 Bd7 16. Nh5 Qf7 17. Ne5 Nxe5 18. dxe5 Bc5 19. Be3 d4 20. Bxh6 gxh6 21. Re4
Be8 22. Rg4+ Kh8 23. Nf6 d3 24. Bxd3 Rd4 25. Qd2 Rxg4 26. Qxh6+ Nh7 27. Nxg4
Qh5 28. Qxe6 Bf7 29. Qd7 Rg8 30. h3 Ng5 31. Bf5 Nxh3+ 32. gxh3 Qxh3 33. Qxf7
Rxg4+ 34. Bxg4 Qxg4+ 35. Kf1 Qh3+ 36. Ke2 Qg4+ 37. Qf3 Qc4+ 38. Qd3 Qg4+ 39.
Kd2 Qf4+ 40. Kc2 Qxf2+ 41. Kc3 Qf4 42. Rh1+ Kg7 43. Rh7+ Kg8 44. Qg6+  1-0

[Event "2. BUNDESLIGA MITTE 2017/2018"]
[Site "St. Valentin, Pinggau/Villach/Taufkirchen, Fuerstenfeld, St. Veit"]
[Date "2018.04.07"]
[Round "11"]
[Board "1"]
[White "Schmidt, Peter"]
[Black "Pilaj, Herwig"]
[Result "1-0"]
[WhiteElo "2392"]
[BlackElo "2346"]
[PlyCount "75"]
[EventDate "2017.10.27"]
[EventType "team"]
[EventRounds "11"]
[EventCountry "AUT"]
[WhiteTeam "SPG Sauwald"]
[BlackTeam "SC DieKlagenfurter"]

1. Nf3 c5 2. g3 g6 3. c3 Nf6 4. Bg2 Bg7 5. d4 Qb6 6. a4 O-O 7. a5 Qc7 8. O-O d6
9. Qa4 Bd7 10. Qa3 e5 11. Bg5 Bb5 12. Re1 Nbd7 13. b4 h6 14. Bxf6 Bxf6 15. dxc5
dxc5 16. e4 Be7 17. Qb2 Rac8 18. Na3 Bd3 19. Qd2 cxb4 20. cxb4 Qc3 21. Red1
Qxd2 22. Rxd2 Rc3 23. Ne1 Rxa3 24. Rxa3 Bb5 25. Nc2 Nb8 26. Bf1 Bc6 27. f3 f5
28. Bc4+ Kg7 29. Bd5 Bg5 30. Rd1 Bb5 31. Bxb7 Rf7 32. f4 Rxb7 33. fxg5 hxg5 34.
Rc3 fxe4 35. Rd6 Bd3 36. Ne3 Rxb4 37. Rc7+ Kh6 38. g4  1-0

[Event "2. BUNDESLIGA MITTE 2017/2018"]
[Site "St. Valentin, Pinggau/Villach/Taufkirchen, Fuerstenfeld, St. Veit"]
[Date "2018.04.07"]
[Round "11"]
[Board "2"]
[White "Wertjanz, David"]
[Black "Renner, Christoph"]
[Result "1/2-1/2"]
[WhiteElo "2338"]
[BlackElo "2349"]
[PlyCount "66"]
[EventDate "2017.10.27"]
[EventType "team"]
[EventRounds "11"]
[EventCountry "AUT"]
[WhiteTeam "SC DieKlagenfurter"]
[BlackTeam "SPG Sauwald"]

1. e4 e6 2. d4 d5 3. Nd2 a6 4. Ngf3 c5 5. exd5 exd5 6. Be2 Nf6 7. O-O Be7 8.
Re1 O-O 9. dxc5 Bxc5 10. Nb3 Bb6 11. Nfd4 Nc6 12. c3 Re8 13. Be3 Bc7 14. Nxc6
bxc6 15. Bf3 Bf5 16. g3 Rb8 17. Nd4 Qd7 18. Nxf5 Qxf5 19. Rb1 h5 20. Bg2 Ne4
21. Qf3 Qg6 22. Bh3 Ng5 23. Bxg5 Qxg5 24. Bd7 Rxe1+ 25. Rxe1 Qg6 26. Qe2 h4 27.
Qxa6 hxg3 28. hxg3 Bxg3 29. Qxc6 Bd6+ 30. Kf1 Qd3+ 31. Kg2 Qg6+ 32. Kf1 Qd3+
33. Kg2 Qg6+  1/2-1/2

[Event "2. BUNDESLIGA MITTE 2017/2018"]
[Site "St. Valentin, Pinggau/Villach/Taufkirchen, Fuerstenfeld, St. Veit"]
[Date "2018.04.07"]
[Round "11"]
[Board "3"]
[White "Testor, Sebastian"]
[Black "Genser, Harald"]
[Result "1/2-1/2"]
[WhiteElo "2293"]
[BlackElo "2296"]
[PlyCount "85"]
[EventDate "2017.10.27"]
[EventType "team"]
[EventRounds "11"]
[EventCountry "AUT"]
[WhiteTeam "SPG Sauwald"]
[BlackTeam "SC DieKlagenfurter"]

1. d4 d5 2. c4 e6 3. Nf3 a6 4. cxd5 exd5 5. Nc3 Nf6 6. Bf4 Bd6 7. Bxd6 Qxd6 8.
e3 Be6 9. Bd3 Nbd7 10. O-O O-O 11. Qc2 c5 12. dxc5 Nxc5 13. Rfd1 Qe7 14. Rac1
Rac8 15. Qb1 g6 16. Nd4 Rfd8 17. h3 Bd7 18. Be2 Nce4 19. Qd3 Nc5 20. Qb1 Nce4
21. Nxe4 Nxe4 22. Bf3 Rxc1 23. Qxc1 Rc8 24. Qb1 Nf6 25. Rc1 Rc5 26. Rc2 Be6 27.
Qc1 Nd7 28. Nb3 Rxc2 29. Qxc2 Qb4 30. Nd4 Qc5 31. Qxc5 Nxc5 32. Kf1 Kf8 33. Ke2
Na4 34. Nb3 b6 35. Kd3 Ke7 36. Kc2 Bf5+ 37. Kc1 Kd6 38. Be2 a5 39. Bb5 Nc5 40.
Nxc5 Kxc5 41. Be2 d4 42. Kd2 f6 43. h4  1/2-1/2

[Event "2. BUNDESLIGA MITTE 2017/2018"]
[Site "St. Valentin, Pinggau/Villach/Taufkirchen, Fuerstenfeld, St. Veit"]
[Date "2018.04.07"]
[Round "11"]
[Board "4"]
[White "Petschar, Kurt"]
[Black "Taggatz, Mario"]
[Result "1-0"]
[WhiteElo "2269"]
[BlackElo "2183"]
[PlyCount "89"]
[EventDate "2017.10.27"]
[EventType "team"]
[EventRounds "11"]
[EventCountry "AUT"]
[WhiteTeam "SC DieKlagenfurter"]
[BlackTeam "SPG Sauwald"]

1. c4 e5 2. Nc3 d6 3. Nf3 g6 4. d4 exd4 5. Nxd4 Bg7 6. e4 Nc6 7. Be3 Nge7 8. h4
f5 9. Nxc6 Nxc6 10. Bg5 Bf6 11. Qd2 O-O 12. O-O-O Be6 13. exf5 gxf5 14. Be2 Qd7
15. Bxf6 Rxf6 16. Rhe1 Kh8 17. Nd5 Bxd5 18. cxd5 Ne5 19. f4 Ng4 20. Bxg4 fxg4
21. g3 Kg8 22. Re4 Re8 23. Rxe8+ Qxe8 24. Re1 Qf7 25. Re4 h5 26. Qd3 c6 27.
dxc6 bxc6 28. b3 Re6 29. Qe2 Rxe4 30. Qxe4 Qf6 31. Kc2 d5 32. Qe8+ Kg7 33. Qxh5
Kf8 34. Qxg4 Qa1 35. Qc8+ Kg7 36. Qc7+ Kf8 37. Qxa7 Qe1 38. Qb8+ Kf7 39. Qc7+
Kf8 40. Qd6+ Kg7 41. Qxc6 Qe4+ 42. Kb2 Qd4+ 43. Ka3 Qa7+ 44. Kb4 Qd4+ 45. Kb5
 1-0